| 000 | 01263cam a2200325 a 4500 | ||
|---|---|---|---|
| 999 |
_c8304 _d8304 |
||
| 001 | 14489437 | ||
| 003 | GZU | ||
| 005 | 20210519101617.0 | ||
| 008 | 060809s2007 enka b 001 0 eng | ||
| 010 | _a 2006026119 | ||
| 015 |
_aGBA706299 _2bnb |
||
| 016 | 7 |
_a013650422 _2Uk |
|
| 020 | _a9780415409285 (pbk. : alk. paper) | ||
| 035 | _a(OCoLC)ocm71004150 | ||
| 040 |
_aDLC _cDLC _dUKM _dBAKER _dBWKUK _dBTCTA _dYDXCP _dNLGGC _dBWK _dVP@ _dDLC |
||
| 050 | 0 | 0 |
_aPN1994 _b.INT2007 |
| 082 | 0 | 0 |
_a791.43 _222 |
| 084 |
_a24.31 _2bcl |
||
| 245 | 0 | 0 |
_aIntroduction to film studies / _cedited by Jill Nelmes ; foreword by Bill Nichols. |
| 250 | _a4th ed. | ||
| 260 |
_aLondon ; _aNew York : _bRoutledge, _c2007. |
||
| 300 |
_axxii, 478 p. : _bill. (some col.) ; _c26 cm. |
||
| 504 | _aIncludes bibliographical references (p. [451]-469) and index. | ||
| 650 | 0 | _aMotion pictures. | |
| 700 | 1 |
_aNelmes, Jill, _d1954- |
|
| 856 | 4 | 1 |
_3Table of contents only _uhttp://www.loc.gov/catdir/toc/ecip0619/2006026119.html |
| 906 |
_a7 _bcbc _corignew _d1 _eecip _f20 _gy-gencatlg |
||
| 942 |
_2lcc _cBK _e4th ed. _h1994 _iINT _kPN |
||